Hospodárska konvergencia Slovenskej republiky vo vzťahu k Európskej únii diplomová práca

Enregistré dans:
Détails bibliographiques
Auteur principal: Kunová, Jana
Collectivité auteur: Národohospodárska fakulta EU. Katedra bankovníctva a medzinárodných financií
Autres auteurs: Jankovská, Anežka
Format: Livre
Langue:slovaque
Publié: Bratislava 2010
Tags: Ajouter un tag
Pas de tags, Soyez le premier à ajouter un tag!

MARC

LEADER 00000nam a2200000 4500
001 0119389
005 20240318122232.9
041 0 |a slo 
044 |a SK 
245 1 0 |a Hospodárska konvergencia Slovenskej republiky vo vzťahu k Európskej únii  |b diplomová práca  |c Jana Kunová ; škol. Anežka Jankovská 
264 1 |a Bratislava  |c 2010 
300 |a 67 s. 
100 1 |a Kunová, Jana 
700 1 |a Jankovská, Anežka 
710 2 |a Národohospodárska fakulta EU. Katedra bankovníctva a medzinárodných financií